[Event "CHN-Tch"]
[Site "CHN"]
[Date "2013.11.12"]
[Round "16.1"]
[White "Li Shilong"]
[Black "Yang, Kaiqi"]
[Result "0-1"]
[WhiteElo "2523"]
[BlackElo "2334"]
[PlyCount "170"]
[EventDate "2013.04.30"]
[EventType "team"]
[EventRounds "22"]
[EventCountry "CHN"]
[Source "Mark Crowther"]
[SourceDate "2013.11.18"]
[WhiteTeam "Guangdong"]
[BlackTeam "Hebei"]

1. d4 Nf6 2. c4 g6 3. Nc3 d5 4. Nf3 Bg7 5. e3 O-O 6. Qb3 e6 7. Bd2 Nc6 8. cxd5
exd5 9. Be2 Re8 10. O-O Ne4 11. Rfd1 Nxd2 12. Rxd2 Ne7 13. Bd3 c6 14. Na4 Qa5
15. Rc2 Nf5 16. Rc5 Qc7 17. Bxf5 Bxf5 18. Qxd5 Bf8 19. Rcc1 Bd6 20. Qb3 Be4 21.
Nc5 Bxf3 22. gxf3 Re7 23. Kg2 Rae8 24. h3 Qc8 25. Qc2 Bb8 26. Rh1 Qc7 27. f4
Qd8 28. Qc4 Qa5 29. b4 Qd8 30. a4 Bd6 31. a5 Qc8 32. a6 b5 33. Qc2 Bxc5 34.
Qxc5 Qe6 35. Ra3 Qe4+ 36. f3 Qd5 37. e4 Qe6 38. Rd1 Qf6 39. Kg3 h5 40. h4 Rd7
41. Rc3 Red8 42. Rcd3 Qe6 43. R1d2 Qc4 44. Kf2 Qe6 45. Kg3 Qc4 46. Kf2 Qe6 47.
Ke3 Qh3 48. Qg5 Qf1 49. Rd1 Qh3 50. f5 Kh7 51. Rg1 Rg8 52. Rc3 Qh2 53. Qg2 Qd6
54. Rd3 Qxb4 55. Qg3 c5 56. Qe5 cxd4+ 57. Kf4 Qb2 58. fxg6+ fxg6 59. Kg3 Rf8
60. Kh3 Qe2 61. Qg3 Rg7 62. Rgd1 Rgf7 63. R1d2 Qf1+ 64. Qg2 Rxf3+ 65. Rxf3
Rxf3+ 66. Kh2 Qxg2+ 67. Kxg2 Ra3 68. Rxd4 Rxa6 69. Rd7+ Kg8 70. Rb7 Rb6 71.
Rxa7 b4 72. Ra2 b3 73. Rb2 Kf7 74. Kf3 Kf6 75. Kf4 Rb4 76. Ke3 Ke5 77. Kd3 Rd4+
78. Kc3 Rxe4 79. Kxb3 Rxh4 80. Kc3 Rh3+ 81. Kc4 Re3 82. Rg2 Kf5 83. Kd4 Re1 84.
Rf2+ Kg5 85. Rg2+ Kh6 0-1

[Event "CHN-Tch"]
[Site "CHN"]
[Date "2013.11.13"]
[Round "17.6"]
[White "Lu, Shanglei"]
[Black "Yang, Kaiqi"]
[Result "1-0"]
[WhiteElo "2550"]
[BlackElo "2334"]
[PlyCount "97"]
[EventDate "2013.04.30"]
[EventType "team"]
[EventRounds "22"]
[EventCountry "CHN"]
[Source "Mark Crowther"]
[SourceDate "2013.11.18"]
[WhiteTeam "Zhejiang"]
[BlackTeam "Hebei"]

1. e4 e5 2. Nf3 Nc6 3. Bb5 a6 4. Ba4 Nf6 5. O-O Be7 6. Re1 b5 7. Bb3 d6 8. c3
O-O 9. h3 Nb8 10. d4 Nbd7 11. Nbd2 Bb7 12. Bc2 Re8 13. Nf1 Bf8 14. Ng3 g6 15.
a4 Bg7 16. Bd3 d5 17. Bg5 b4 18. c4 dxe4 19. Bxe4 c6 20. dxe5 Nxe5 21. Nxe5
Rxe5 22. Bf4 Re8 23. Bf3 Nd7 24. Qd6 Bf8 25. Rxe8 Qxe8 26. Qc7 Qc8 27. Qxc8
Rxc8 28. Ne4 Nc5 29. Nxc5 Bxc5 30. Rd1 Re8 31. Kf1 Kf8 32. b3 f6 33. Rd7 Re7
34. Bd6 Bxd6 35. Rxd6 Rc7 36. Rxf6+ Ke7 37. Rf4 Bc8 38. Bg4 Bxg4 39. hxg4 c5
40. g5 Ke6 41. Ke2 Ke5 42. Ke3 Rc6 43. Rf7 Rd6 44. f4+ Ke6 45. Rf6+ Ke7 46.
Rxd6 Kxd6 47. Ke4 Ke6 48. g4 a5 49. f5+ 1-0

[Event "CHN-Tch"]
[Site "CHN"]
[Date "2013.11.14"]
[Round "18.2"]
[White "Yang, Kaiqi"]
[Black "Ni Hua"]
[Result "0-1"]
[WhiteElo "2334"]
[BlackElo "2668"]
[PlyCount "134"]
[EventDate "2013.04.30"]
[EventType "team"]
[EventRounds "22"]
[EventCountry "CHN"]
[Source "Mark Crowther"]
[SourceDate "2013.11.18"]
[WhiteTeam "Hebei"]
[BlackTeam "Shanghai"]

1. d4 Nf6 2. c4 e6 3. Nc3 Bb4 4. e3 O-O 5. Bd3 d5 6. Nf3 c5 7. O-O Nc6 8. a3
Bxc3 9. bxc3 dxc4 10. Bxc4 Qc7 11. Bd3 e5 12. Qc2 Re8 13. e4 b6 14. h3 h6 15.
Bb2 Nh5 16. Bb5 Bd7 17. Bxc6 Bxc6 18. Nxe5 Bb5 19. c4 cxd4 20. Bxd4 f6 21. Qd1
fxe5 22. cxb5 exd4 23. Qxh5 Rad8 24. Rac1 Qe7 25. Rfd1 Qxe4 26. Rc7 Re7 27.
Rxe7 Qxe7 28. Qf3 Qe6 29. Qd3 Kf7 30. h4 Qd5 31. g3 Kg8 32. Kh2 Qe5 33. Rd2 Kh8
34. Re2 Qf6 35. Rd2 Kg8 36. Kg2 Qe6 37. Kh2 Qd5 38. Rd1 Kf7 39. Rd2 Rd6 40. Rd1
Kf6 41. Rd2 Qf5 42. Qc4 d3 43. Qc3+ Kg6 44. Qc4 Qf3 45. Qc3 Qd5 46. a4 Kh7 47.
Qb4 Kh8 48. Qc3 Kg8 49. Qc8+ Kh7 50. Qc3 g5 51. Qb4 Kg6 52. Qg4 Qf5 53. h5+ Kf6
54. Qc4 Qf3 55. Qc3+ Ke6 56. Qc8+ Ke7 57. Qc7+ Rd7 58. Qe5+ Kf7 59. Kg1 Re7 60.
Qa1 Re2 61. Qa2+ Kf6 62. Qb2+ Kf5 63. Rxe2 dxe2 64. Qd2 Qe4 65. Qd7+ Qe6 66.
Qd3+ Kg4 67. f3+ Kh3 0-1

[Event "CHN-Tch"]
[Site "CHN"]
[Date "2013.12.21"]
[Round "19.5"]
[White "Chu, Wei Chao"]
[Black "Yang, Kaiqi"]
[Result "1-0"]
[WhiteElo "2275"]
[BlackElo "2334"]
[PlyCount "67"]
[EventDate "2013.04.30"]
[EventType "team"]
[EventRounds "22"]
[EventCountry "CHN"]
[Source "Mark Crowther"]
[SourceDate "2013.12.23"]
[WhiteTeam "Hubei"]
[BlackTeam "Hebei"]

1. d4 Nf6 2. c4 g6 3. Nc3 Bg7 4. e4 d6 5. Nf3 O-O 6. Be2 c5 7. d5 e6 8. O-O Re8
9. Bd3 exd5 10. exd5 Bg4 11. h3 Bxf3 12. Qxf3 Nbd7 13. Qd1 a6 14. Bd2 Nh5 15.
g4 Nhf6 16. a4 Re7 17. f4 Qc7 18. Qc2 Rae8 19. Kg2 h6 20. Rae1 Rxe1 21. Rxe1
Rxe1 22. Bxe1 Qd8 23. Bh4 Qe8 24. Qe2 Qxe2+ 25. Nxe2 Ne8 26. b3 Bf6 27. Be1 Kf8
28. Ng3 Ke7 29. h4 Ng7 30. Kh3 Bb2 31. Bd2 Bd4 32. f5 Ne5 33. Be4 h5 34. f6+
1-0

[Event "HD Bank Cup"]
[Site "Ho Chi Minh City VIE"]
[Date "2013.03.19"]
[Round "2.4"]
[White "Yang, Kaiqi"]
[Black "Papp, Ga"]
[Result "0-1"]
[WhiteElo "2373"]
[BlackElo "2582"]
[PlyCount "120"]
[EventDate "2013.03.19"]
[EventType "swiss"]
[EventRounds "9"]
[EventCountry "VIE"]
[Source "Mark Crowther"]
[SourceDate "2013.03.26"]

1. d4 Nf6 2. c4 e6 3. Nf3 b6 4. g3 Bb7 5. Bg2 c5 6. d5 exd5 7. Nh4 g6 8. Nc3 d6
9. Nxd5 Nxd5 10. Bxd5 Nc6 11. Nf3 Bg7 12. Bg5 Qd7 13. Qd2 h6 14. Be3 O-O-O 15.
O-O Ne7 16. Bxb7+ Qxb7 17. Rac1 d5 18. cxd5 Nxd5 19. b4 Nxe3 20. Qxe3 Rhe8 21.
Qb3 Bf8 22. bxc5 Bxc5 23. Ne1 Kb8 24. Nd3 Bf8 25. Rc2 Qd5 26. Qa4 Re4 27. Qa6
Qd7 28. Rfc1 Ra4 29. Rc8+ Rxc8 30. Rxc8+ Qxc8 31. Qxa4 Bd6 32. Qd4 Qe6 33. e4
Kb7 34. e5 Bc7 35. a4 a5 36. Kg2 h5 37. f3 Qc6 38. h4 Kc8 39. Nf2 b5 40. axb5
Qxb5 41. f4 Qb4 42. Qd3 a4 43. Ne4 a3 44. Kh3 a2 45. Qa6+ Qb7 46. Qxa2 Qxe4 47.
Kh2 Bb6 48. Qa6+ Kc7 49. Qa2 Kd8 50. Qa6 Qc2+ 51. Kh3 Qc8+ 52. Qxc8+ Kxc8 53.
g4 Kd7 54. f5 gxf5 55. gxf5 Ke7 56. Kg2 Bd4 57. e6 f6 58. Kf3 Kd6 59. Kg3 Bc5
60. Kf4 Kd5 0-1

[Event "HD Bank Cup"]
[Site "Ho Chi Minh City VIE"]
[Date "2013.03.20"]
[Round "3.25"]
[White "Pham, X."]
[Black "Yang, Kaiqi"]
[Result "1/2-1/2"]
[WhiteElo "2210"]
[BlackElo "2373"]
[PlyCount "98"]
[EventDate "2013.03.19"]
[EventType "swiss"]
[EventRounds "9"]
[EventCountry "VIE"]
[Source "Mark Crowther"]
[SourceDate "2013.03.26"]

1. d4 Nf6 2. c4 g6 3. Nc3 Bg7 4. e4 d6 5. Nf3 O-O 6. Be2 e5 7. O-O Nc6 8. d5
Ne7 9. Ne1 Nd7 10. Be3 f5 11. f3 f4 12. Bf2 g5 13. b4 h5 14. c5 Nf6 15. Rc1 g4
16. cxd6 cxd6 17. Nb5 g3 18. hxg3 fxg3 19. Bxg3 Ne8 20. Bf2 a6 21. Nc7 Nxc7 22.
Bb6 Ng6 23. Rxc7 Qg5 24. Nd3 h4 25. Qc1 Nf4 26. Nxf4 exf4 27. Rf2 Bf6 28. Rc2
Bd7 29. Bf1 Rf7 30. Rc7 Rb8 31. Rfc2 h3 32. Rxd7 Rxd7 33. Rc8+ Rxc8 34. Qxc8+
Bd8 35. Qxd7 Bxb6+ 36. Kh1 hxg2+ 37. Bxg2 Qh4+ 38. Qh3 Qxh3+ 39. Bxh3 a5 40.
bxa5 Bxa5 41. Bc8 b6 42. Kg2 Kf7 43. Kf1 Kf6 44. Ke2 Ke5 45. Kd3 Bb4 46. Kc4
Bc5 47. a4 Be3 48. Kb5 Bc5 49. Bg4 Be3 1/2-1/2

[Event "HD Bank Cup"]
[Site "Ho Chi Minh City VIE"]
[Date "2013.03.21"]
[Round "4.28"]
[White "Ren, Xiaoyi"]
[Black "Yang, Kaiqi"]
[Result "1-0"]
[WhiteElo "2216"]
[BlackElo "2373"]
[PlyCount "109"]
[EventDate "2013.03.19"]
[EventType "swiss"]
[EventRounds "9"]
[EventCountry "VIE"]
[Source "Mark Crowther"]
[SourceDate "2013.03.26"]

1. d4 Nf6 2. c4 g6 3. Nc3 Bg7 4. e4 d6 5. Nf3 O-O 6. Be2 e5 7. O-O exd4 8. Nxd4
Re8 9. f3 c6 10. Be3 d5 11. cxd5 Nxd5 12. Nxd5 cxd5 13. Rc1 Nc6 14. Nxc6 bxc6
15. Bd4 dxe4 16. Bxg7 Kxg7 17. Qxd8 Rxd8 18. fxe4 Bd7 19. Bc4 Be8 20. Rcd1 Rab8
21. b3 a5 22. a4 Rxd1 23. Rxd1 Kf6 24. Kf2 Ke7 25. Ke3 f6 26. Rc1 Bd7 27. e5
fxe5 28. Ke4 Rf8 29. Kxe5 Rf2 30. Rf1 Rxg2 31. Rf7+ Kd8 32. Rxh7 Kc7 33. h4 Rg1
34. Kf6 Kd6 35. Rg7 Rh1 36. Rxg6 Kc5 37. Ke7 Bh3 38. h5 Bf1 39. Rg5+ Kb4 40.
Bf7 Be2 41. Kd6 Bf3 42. Rf5 Rh3 43. Be6 Ka3 44. Rxa5 Rh4 45. Bf7 Kb4 46. Rg5
Rd4+ 47. Ke5 Rh4 48. Kf6 c5 49. Kg7 Bd1 50. h6 Bc2 51. a5 Bd3 52. Rg3 Be4 53.
a6 Kb5 54. Rg5 Kxa6 55. Rxc5 1-0

[Event "HD Bank Cup"]
[Site "Ho Chi Minh City VIE"]
[Date "2013.03.21"]
[Round "5.36"]
[White "Yang, Kaiqi"]
[Black "Pham Thi Thu Hien"]
[Result "1-0"]
[WhiteElo "2373"]
[BlackElo "2132"]
[PlyCount "101"]
[EventDate "2013.03.19"]
[EventType "swiss"]
[EventRounds "9"]
[EventCountry "VIE"]
[Source "Mark Crowther"]
[SourceDate "2013.03.26"]

1. e4 e6 2. d4 d5 3. Nc3 Nf6 4. e5 Nfd7 5. f4 c5 6. Nf3 Nc6 7. Be3 a6 8. Ne2
Qb6 9. Qc1 Qa5+ 10. c3 cxd4 11. Nexd4 Be7 12. b4 Qc7 13. Bd3 Nxd4 14. Bxd4 Nb6
15. a4 Bd7 16. a5 Nc4 17. O-O g6 18. Rf2 Bb5 19. Qf1 Qd7 20. h3 h5 21. g3 Rg8
22. Kh2 Bd8 23. Raa2 Be7 24. Ra1 Bd8 25. Raa2 Be7 26. Ng5 Bd8 27. Ne4 Be7 28.
Nd2 Rc8 29. Nf3 Kd8 30. Nd2 Ke8 31. Qe2 Rc6 32. Ra1 Rh8 33. Nb3 Rc8 34. Nc5
Bxc5 35. Bxc5 Rc6 36. Rd1 Ba4 37. Bxc4 Bxd1 38. Qxd1 Rxc5 39. bxc5 dxc4 40. Qd6
Qxd6 41. cxd6 Kd7 42. Rb2 b5 43. axb6 Rb8 44. Kg2 Kc6 45. Kf3 a5 46. Ke4 Kc5
47. b7 a4 48. d7 a3 49. d8=Q axb2 50. Qd6+ Kb5 51. Qb4+ 1-0

[Event "HD Bank Cup"]
[Site "Ho Chi Minh City VIE"]
[Date "2013.03.22"]
[Round "6.27"]
[White "Tran Ngoc Lan"]
[Black "Yang, Kaiqi"]
[Result "0-1"]
[WhiteElo "2275"]
[BlackElo "2373"]
[PlyCount "90"]
[EventDate "2013.03.19"]
[EventType "swiss"]
[EventRounds "9"]
[EventCountry "VIE"]
[Source "Mark Crowther"]
[SourceDate "2013.03.26"]

1. e4 e5 2. f4 d5 3. exd5 exf4 4. d4 Qh4+ 5. Kd2 Nf6 6. Bb5+ Kd8 7. Qe2 Bg4 8.
Nf3 Bxf3 9. Qxf3 g5 10. g3 Qh3 11. Ke2 a6 12. Bd3 Bd6 13. gxf4 Re8+ 14. Be3
Qxf3+ 15. Kxf3 g4+ 16. Kf2 Nxd5 17. Bd2 h5 18. f5 Nc6 19. c3 Nf4 20. Bc4 Ke7
21. Na3 Kf6 22. Nc2 Ne7 23. Bxf4 Bxf4 24. Nb4 c6 25. Nd3 Bd6 26. Ne5 Nxf5 27.
Bxf7 Re7 28. Bc4 Bxe5 29. dxe5+ Rxe5 30. Bd3 Rd8 31. Bxf5 Rd2+ 32. Kg3 Re3+ 33.
Kf4 Rf3+ 34. Ke4 Rxf5 35. h3 g3 36. Rhf1 Re2+ 37. Kd3 Rxb2 38. a4 g2 39. Rxf5+
Kxf5 40. Ke3 Kg5 41. Kf3 Kh4 42. Re1 Kxh3 43. a5 Rc2 44. c4 Kh2 45. Re4 Rc3+
0-1

[Event "HD Bank Cup"]
[Site "Ho Chi Minh City VIE"]
[Date "2013.03.23"]
[Round "7.20"]
[White "Yang, Kaiqi"]
[Black "Le Minh Hoang"]
[Result "1-0"]
[WhiteElo "2373"]
[BlackElo "1834"]
[PlyCount "69"]
[EventDate "2013.03.19"]
[EventType "swiss"]
[EventRounds "9"]
[EventCountry "VIE"]
[Source "Mark Crowther"]
[SourceDate "2013.03.26"]

1. e4 c5 2. Nf3 d6 3. d4 cxd4 4. Nxd4 Nf6 5. Nc3 a6 6. Be3 e6 7. g4 h6 8. h4 b5
9. Bg2 Bb7 10. g5 hxg5 11. hxg5 Rxh1+ 12. Bxh1 Nfd7 13. g6 Qh4 14. Qf3 Nf6 15.
a3 Nbd7 16. O-O-O Qg4 17. Qxg4 Nxg4 18. Bg5 Ndf6 19. Bh4 Be7 20. e5 Nd5 21.
Nxd5 exd5 22. gxf7+ Kxf7 23. e6+ Kf8 24. Bxe7+ Kxe7 25. Rg1 Nxf2 26. Rxg7+ Kf6
27. Rxb7 Nxh1 28. Rf7+ Ke5 29. e7 Re8 30. Rf8 Rxe7 31. Nc6+ Ke6 32. Nxe7 Kxe7
33. Rf3 Ke6 34. Kd2 Ke5 35. Ke2 1-0

[Event "HD Bank Cup"]
[Site "Ho Chi Minh City VIE"]
[Date "2013.03.24"]
[Round "9.20"]
[White "Yang, Kaiqi"]
[Black "Zhang, Xiaowen"]
[Result "1-0"]
[WhiteElo "2373"]
[BlackElo "2376"]
[PlyCount "89"]
[EventDate "2013.03.19"]
[EventType "swiss"]
[EventRounds "9"]
[EventCountry "VIE"]
[Source "Mark Crowther"]
[SourceDate "2013.03.26"]

1. d4 Nf6 2. c4 g6 3. Nc3 Bg7 4. e4 d6 5. Be2 O-O 6. Nf3 e5 7. dxe5 dxe5 8.
Qxd8 Rxd8 9. Nd5 Nxd5 10. cxd5 c6 11. Bg5 Re8 12. Bc4 cxd5 13. Bxd5 Nd7 14.
O-O-O Nc5 15. Be3 Ne6 16. Kb1 Nf4 17. Bb3 Be6 18. Bxe6 Nxe6 19. Rd7 b6 20. Ng5
Nxg5 21. Bxg5 f6 22. Be3 Bf8 23. Rc1 Re7 24. Rcc7 Kf7 25. a4 Ke6 26. Rxe7+ Bxe7
27. Ka2 h5 28. Kb3 f5 29. f3 f4 30. Bd2 g5 31. Bc3 g4 32. Rc6+ Bd6 33. Bb4 Rd8
34. Kc4 Ke7 35. Rxd6 Rxd6 36. Kb5 Kd7 37. Bxd6 Kxd6 38. b4 Kc7 39. Ka6 Kb8 40.
h3 g3 41. h4 Ka8 42. a5 Kb8 43. axb6 Ka8 44. b7+ Kb8 45. b5 1-0

[Event "zt 3.5"]
[Site "Beijing CHN"]
[Date "2012.09.15"]
[Round "2.15"]
[White "Qu, Yanqiao"]
[Black "Yang, Kaiqi"]
[Result "0-1"]
[WhiteElo "2152"]
[BlackElo "2374"]
[PlyCount "120"]
[EventDate "2012.09.15"]
[EventType "swiss"]
[EventRounds "11"]
[EventCountry "CHN"]
[Source "Mark Crowther"]
[SourceDate "2012.09.17"]

1. Nf3 Nf6 2. c4 g6 3. b3 Bg7 4. Bb2 d6 5. g3 e5 6. d3 O-O 7. Bg2 Nc6 8. O-O
Bd7 9. Nbd2 Nh5 10. Qc2 f5 11. a3 Qe7 12. b4 Rae8 13. b5 Nd8 14. Nb3 Ne6 15.
Nfd2 b6 16. a4 f4 17. Ne4 Ng5 18. Nbd2 fxg3 19. hxg3 Nh3+ 20. Kh2 N3f4 21. Bf3
Kh8 22. e3 Ne6 23. Bg2 Nf6 24. Nxf6 Rxf6 25. Ne4 Rf5 26. a5 h5 27. axb6 axb6
28. Ra7 h4 29. g4 Rf7 30. f3 Bc8 31. Qf2 Kg8 32. Qe2 Ng5 33. Nxg5 Qxg5 34. Bc1
Be6 35. e4 Qe7 36. Be3 Qf8 37. Bg5 Bh6 38. Qe3 Kh7 39. Kh3 Bxg5 40. Qxg5 Kg7
41. Kxh4 Rd7 42. Kg3 Qf6 43. Qxf6+ Kxf6 44. f4 exf4+ 45. Rxf4+ Ke5 46. Ra1 g5
47. Rf3 Rh8 48. Bh3 Rdh7 49. Kg2 Rh4 50. Rg3 Rf8 51. Rf1 Rf4 52. Rd1 Kd4 53.
Rf1 Bxg4 54. Bxg4 Rhxg4 55. Rxg4 Rxg4+ 56. Kh3 Rf4 57. Rg1 Kxd3 58. Rxg5 Rxe4
59. c5 dxc5 60. Rg7 Kc4 0-1

[Event "zt 3.5"]
[Site "Beijing CHN"]
[Date "2012.09.16"]
[Round "3.9"]
[White "Yang, Kaiqi"]
[Black "Zhang, Xiaopeng"]
[Result "1-0"]
[WhiteElo "2374"]
[BlackElo "2119"]
[PlyCount "57"]
[EventDate "2012.09.15"]
[EventType "swiss"]
[EventRounds "11"]
[EventCountry "CHN"]
[Source "Mark Crowther"]
[SourceDate "2012.09.17"]

1. e4 c6 2. d4 d5 3. e5 Bf5 4. Nf3 e6 5. Be2 Nd7 6. O-O Ne7 7. Nbd2 Bg6 8. Nb3
Nf5 9. a4 Be7 10. a5 a6 11. c4 dxc4 12. Bxc4 O-O 13. g4 Nh4 14. Nxh4 Bxh4 15.
f4 b5 16. Bd3 Bxd3 17. Qxd3 f6 18. Qh3 g5 19. fxg5 fxg5 20. Be3 Qe8 21. Qg2 Rc8
22. Nd2 Qg6 23. Qe4 Kg7 24. Rxf8 Nxf8 25. Rf1 Nd7 26. Kg2 Rc7 27. Qxg6+ Kxg6
28. Ne4 Rc8 29. b4 1-0

[Event "zt 3.5"]
[Site "Beijing CHN"]
[Date "2012.09.16"]
[Round "4.8"]
[White "Xu Yinglun"]
[Black "Yang, Kaiqi"]
[Result "0-1"]
[WhiteElo "2281"]
[BlackElo "2374"]
[PlyCount "84"]
[EventDate "2012.09.15"]
[EventType "swiss"]
[EventRounds "11"]
[EventCountry "CHN"]
[Source "Mark Crowther"]
[SourceDate "2012.09.17"]

1. d4 Nf6 2. c4 g6 3. Nc3 Bg7 4. e4 d6 5. Nf3 O-O 6. Be2 e5 7. O-O Nc6 8. d5
Ne7 9. Ne1 Nd7 10. Nd3 f5 11. Bd2 Nf6 12. f3 Kh8 13. Rc1 c5 14. Rb1 f4 15. b4
b6 16. bxc5 bxc5 17. Nb5 g5 18. Qa4 a5 19. Nf2 h5 20. h3 Neg8 21. Rb3 Nh6 22.
Ra3 Bd7 23. Bxa5 Qe7 24. Qd1 Ne8 25. Bd2 Rxa3 26. Nxa3 Rf6 27. Qb3 Rg6 28. Qb7
Nf6 29. Nb5 g4 30. fxg4 hxg4 31. hxg4 Nhxg4 32. Nxg4 Nxg4 33. Rf3 Rh6 34. Be1
Bf8 35. Qa8 Ne3 36. Bf2 Nxg2 37. Nxd6 Qxd6 38. Kxg2 Bg4 39. a4 Kg8 40. Qe8 Bh5
41. Qc8 Qg6+ 42. Kf1 Bg4 0-1

[Event "zt 3.5"]
[Site "Beijing CHN"]
[Date "2012.09.17"]
[Round "5.3"]
[White "Yang, Kaiqi"]
[Black "Xiu, Deshun"]
[Result "1/2-1/2"]
[WhiteElo "2374"]
[BlackElo "2524"]
[PlyCount "147"]
[EventDate "2012.09.15"]
[EventType "swiss"]
[EventRounds "11"]
[EventCountry "CHN"]
[Source "Mark Crowther"]
[SourceDate "2012.09.17"]

1. e4 c5 2. Nf3 d6 3. d4 cxd4 4. Nxd4 Nf6 5. Nc3 a6 6. Bg5 Nbd7 7. Bc4 Qb6 8.
Bb3 e6 9. Bxf6 Nxf6 10. f4 g6 11. Qd3 Bh6 12. Rf1 e5 13. Nde2 Bg4 14. O-O-O
exf4 15. Kb1 O-O 16. h3 Bxe2 17. Nxe2 Rae8 18. Nxf4 Nxe4 19. Ne6 Nf2 20. Rxf2
Qxf2 21. Nxf8 Bxf8 22. Qd5 Re7 23. a4 b6 24. Bc4 a5 25. Rf1 Re1+ 26. Rxe1 Qxe1+
27. Ka2 Qf2 28. Kb3 h5 29. Bd3 Qg3 30. Kc4 Qf4+ 31. Qd4 Qxd4+ 32. Kxd4 Bg7+ 33.
Kd5 Bxb2 34. Kxd6 h4 35. Kc6 Bd4 36. Kd5 Bc5 37. Ke4 Bd4 38. Kd5 Bc5 39. Ke4
Kg7 40. Kf3 f5 41. Bb5 Kf6 42. c4 Kf7 43. Bc6 Bd6 44. Bb5 Bg3 45. Bc6 Be5 46.
Bb5 Ke7 47. Bc6 g5 48. Bb7 Kd7 49. Ba6 Kc7 50. Bb5 Kd6 51. Kf2 Kc5 52. Bd7 Kxc4
53. Bb5+ Kd4 54. Kf3 Bd6 55. Bd7 Ke5 56. Bb5 Be7 57. Bd7 Bd8 58. Bb5 Kd4 59.
Bd7 Kc3 60. Bb5 Kd2 61. Bd7 Ke1 62. Bb5 Be7 63. Bc4 Kd2 64. Bb5 Kc3 65. Bd7 Kd4
66. Bb5 Ke5 67. Bd7 Bc5 68. Bb5 Ke6 69. Bc6 Ke7 70. Bb5 Kf7 71. Bc6 Kg6 72.
Be8+ Kh6 73. Bd7 Bd6 74. Bb5 1/2-1/2

[Event "zt 3.5"]
[Site "Beijing CHN"]
[Date "2012.09.17"]
[Round "6.5"]
[White "Gao Rui"]
[Black "Yang, Kaiqi"]
[Result "1-0"]
[WhiteElo "2442"]
[BlackElo "2374"]
[PlyCount "93"]
[EventDate "2012.09.15"]
[EventType "swiss"]
[EventRounds "11"]
[EventCountry "CHN"]
[Source "Mark Crowther"]
[SourceDate "2012.09.17"]

1. e4 e5 2. Nf3 Nc6 3. Bb5 f5 4. Bxc6 dxc6 5. d4 fxe4 6. Nxe5 Nf6 7. Bg5 Bd6 8.
Nc3 O-O 9. Qe2 Qe8 10. Bxf6 gxf6 11. Nc4 f5 12. O-O-O b5 13. Nxd6 cxd6 14. Qe3
f4 15. Qxe4 b4 16. Qxe8 Rxe8 17. Nb1 Re2 18. Rhe1 Rxf2 19. Rd2 Rxd2 20. Nxd2
Bf5 21. Nc4 d5 22. Ne5 Be4 23. Re2 Rc8 24. Nd7 Kh8 25. Nf6 Bg6 26. Rf2 Rc7 27.
Rxf4 Kg7 28. Rf2 a5 29. g4 a4 30. a3 b3 31. c3 Re7 32. Kd2 h6 33. h4 Re6 34.
Nd7 Re4 35. Ne5 h5 36. Rg2 Kf6 37. Rg3 c5 38. Nd7+ Ke7 39. Nxc5 Rf4 40. Ke3 Rf1
41. Nxa4 Rh1 42. gxh5 Bxh5 43. Nc5 Bd1 44. Rg7+ Kd6 45. Rb7 Kc6 46. Rb4 Rxh4
47. Nxb3 1-0

[Event "zt 3.5"]
[Site "Beijing CHN"]
[Date "2012.09.18"]
[Round "7.8"]
[White "Yang, Kaiqi"]
[Black "Chu, Wei Chao"]
[Result "0-1"]
[WhiteElo "2374"]
[BlackElo "2181"]
[PlyCount "72"]
[EventDate "2012.09.15"]
[EventType "swiss"]
[EventRounds "11"]
[EventCountry "CHN"]

1. e4 c5 2. Nf3 d6 3. d4 cxd4 4. Nxd4 Nf6 5. Nc3 a6 6. Bg5 e6 7. f4 Nbd7 8. Qf3
Qc7 9. O-O-O b5 10. Bd3 Bb7 11. Rhe1 h6 12. Qh3 O-O-O 13. Bxf6 Nxf6 14. Kb1 Kb8
15. a3 Be7 16. Qg3 g5 17. f5 e5 18. Nb3 h5 19. Qe3 Rhe8 20. Bf1 d5 21. exd5
Nxd5 22. Nxd5 Bxd5 23. Qxe5 Qxe5 24. Rxe5 Bxb3 25. Rde1 f6 26. Bxb5 fxe5 27.
Bxe8 Rxe8 28. cxb3 Bf6 29. Kc2 e4 30. a4 a5 31. Kd2 Kc7 32. Ke3 Kd6 33. Rc1
Bxb2 34. Rc4 Kd5 35. Rc7 Bd4+ 36. Ke2 Rf8 0-1

[Event "zt 3.5"]
[Site "Beijing CHN"]
[Date "2012.09.18"]
[Round "8.10"]
[White "Yu, Chaojie"]
[Black "Yang, Kaiqi"]
[Result "0-1"]
[WhiteElo "2159"]
[BlackElo "2374"]
[PlyCount "68"]
[EventDate "2012.09.15"]
[EventType "swiss"]
[EventRounds "11"]
[EventCountry "CHN"]

1. e4 e5 2. Nf3 Nc6 3. Bb5 f5 4. d4 fxe4 5. Bxc6 dxc6 6. Nxe5 Qh4 7. O-O Nf6 8.
f3 Be6 9. fxe4 O-O-O 10. Rf4 Qh5 11. Qxh5 Nxh5 12. Rf1 Rxd4 13. Nd2 Bc5 14. Kh1
Nf6 15. Nef3 Rdd8 16. e5 Ng4 17. Ne4 Bb6 18. h3 Bd5 19. hxg4 Bxe4 20. c3 h6 21.
Re1 Bd5 22. Nd4 Rde8 23. Kh2 h5 24. g5 Rhf8 25. Kg1 c5 26. Nc2 Rf5 27. e6 Rxe6
28. Rxe6 Bxe6 29. Be3 g6 30. b3 c6 31. Ne1 c4 32. Bxb6 axb6 33. Nf3 Bd5 34.
bxc4 Bxf3 0-1

[Event "zt 3.5"]
[Site "Beijing CHN"]
[Date "2012.09.19"]
[Round "10.5"]
[White "Liu, Qingnan"]
[Black "Yang, Kaiqi"]
[Result "1-0"]
[WhiteElo "2491"]
[BlackElo "2374"]
[PlyCount "115"]
[EventDate "2012.09.15"]
[EventType "swiss"]
[EventRounds "11"]
[EventCountry "CHN"]

1. e4 c6 2. d4 d5 3. e5 Bf5 4. Nf3 e6 5. Be2 c5 6. c3 Nc6 7. O-O cxd4 8. cxd4
Nge7 9. Nh4 Be4 10. Nc3 Nc8 11. g3 Be7 12. f3 Bg6 13. Nxg6 hxg6 14. Be3 Nb6 15.
Rc1 Qd7 16. f4 O-O-O 17. a3 Kb8 18. b4 Nc4 19. Bxc4 dxc4 20. Rf2 f6 21. Qf1 g5
22. Qxc4 gxf4 23. gxf4 Nxd4 24. Rd1 fxe5 25. fxe5 Rh4 26. Rxd4 Rxd4 27. Qxd4
Qxd4 28. Bxd4 Rxd4 29. Rf7 Rg4+ 30. Kf1 Bd8 31. Nb5 a6 32. Nd6 Bc7 33. Re7 Rf4+
34. Kg2 Rd4 35. Rxe6 Rd2+ 36. Kf3 Bxd6 37. Rxd6 Rxh2 38. Rd7 Rh3+ 39. Kf4 Kc8
40. e6 g5+ 41. Kxg5 Rxa3 42. Rd4 Re3 43. Kf6 Kc7 44. e7 Rf3+ 45. Ke6 Re3+ 46.
Kf7 Rf3+ 47. Ke8 b5 48. Rd7+ Kc8 49. Rd6 Kc7 50. Rxa6 Rf4 51. Re6 Rf5 52. Re3
Rf4 53. Rc3+ Kb6 54. Kd7 Rd4+ 55. Kc8 Re4 56. Rc7 Re6 57. Kd8 Re4 58. Rd7 1-0

[Event "zt 3.5"]
[Site "Beijing CHN"]
[Date "2012.09.20"]
[Round "11.7"]
[White "Yang, Kaiqi"]
[Black "Li Bo"]
[Result "1-0"]
[WhiteElo "2374"]
[BlackElo "2237"]
[PlyCount "129"]
[EventDate "2012.09.15"]
[EventType "swiss"]
[EventRounds "11"]
[EventCountry "CHN"]

1. e4 c6 2. d4 d5 3. Nc3 dxe4 4. Nxe4 Bf5 5. Ng3 Bg6 6. h4 h6 7. Nf3 Nd7 8. h5
Bh7 9. Bd3 Ngf6 10. Bxh7 Nxh7 11. Qe2 Qa5+ 12. Bd2 Qb5 13. c4 Qxb2 14. O-O Ng5
15. Nxg5 hxg5 16. d5 Qe5 17. Qf3 g4 18. Qxg4 Nf6 19. Qf3 cxd5 20. Rfe1 Qd4 21.
Bf4 e6 22. Be5 Qxc4 23. Bxf6 gxf6 24. Rac1 Qxa2 25. Qxf6 Rh6 26. Qg5 Qb2 27.
Rc7 Rf6 28. Re2 Qa1+ 29. Rc1 Bh6 30. Qxh6 Rxh6 31. Rxa1 Kd7 32. Rb2 Kc7 33.
Rc1+ Kb8 34. f4 Rh8 35. Kf2 b6 36. Rh1 Kb7 37. Ne2 a6 38. g4 b5 39. Nd4 Rac8
40. g5 Rc4 41. Ke3 b4 42. h6 Kb6 43. Ra1 a5 44. Nb3 Ra8 45. h7 Rc3+ 46. Kd4 Rh3
47. Nxa5 Rxa5 48. Rxb4+ Rb5 49. Rxb5+ Kxb5 50. Ra7 Rxh7 51. g6 Rh6 52. gxf7 Rf6
53. Ke5 Rf5+ 54. Kxe6 Rxf4 55. Kxd5 Kb6 56. Re7 Rf1 57. Kd6 Rd1+ 58. Ke6 Rf1
59. Re8 Re1+ 60. Kd5 Rd1+ 61. Ke4 Re1+ 62. Kd3 Rf1 63. f8=Q Rxf8 64. Rxf8 Kc5
65. Rf5+ 1-0

[Event "CHN-Tch"]
[Site "CHN"]
[Date "2012.04.28"]
[Round "1"]
[White "Wang Chen"]
[Black "Yang, Kaiqi"]
[Result "1/2-1/2"]
[WhiteElo "2490"]
[BlackElo "2360"]
[PlyCount "51"]
[EventDate "2012.04.28"]
[EventType "team"]
[EventRounds "22"]
[EventCountry "CHN"]
[Source "Mark Crowther"]
[SourceDate "2012.04.30"]
[WhiteTeam "Chongqing"]
[BlackTeam "Hebei"]

1. e4 c5 2. Nf3 e6 3. c3 Nf6 4. e5 Nd5 5. d4 cxd4 6. cxd4 d6 7. Bc4 Nb6 8. Bb3
dxe5 9. Nxe5 Nc6 10. Nxc6 bxc6 11. O-O Be7 12. Nc3 O-O 13. Bc2 Ba6 14. Re1 Bf6
15. Be3 Nd5 16. Ne4 Nxe3 17. fxe3 Be7 18. Qf3 Qb6 19. Rab1 c5 20. dxc5 Bxc5 21.
Nf6+ gxf6 22. Bxh7+ Kxh7 23. Qh5+ Kg7 24. Qg4+ Kh7 25. Qh5+ Kg7 26. Qg4+
1/2-1/2